Komparácia podnikateľského prostredia v oblasti daňového zaťaženia na Slovensku a v Českej republike

Daňové zaťaženie v krajinách Európskej únie. Daň z príjmu zo závislej činnosti v Slovenskej republike. Varianty výpočtu nezdaniteľnej časti na manžela/ku v roku 2012 a 2013 v SR. Daňový bonus na nezaopatrené dieťa. Charakteristika dane z príjmu zo závislej činnosti v Českej republike. Komparácia daň...

Full description

Saved in:
Bibliographic Details
Main Author: Šúbertová, Elena
Format: Book Chapter
Language:Slovak
Subjects:
Tags: Add Tag
No Tags, Be the first to tag this record!

MARC

LEADER 00000nla a2200000 4500
001 0180795
005 20240522092703.8
041 0 |a slo 
044 |a SK 
245 1 0 |a Komparácia podnikateľského prostredia v oblasti daňového zaťaženia na Slovensku a v Českej republike  |c Elena Šúbertová 
520 |a Daňové zaťaženie v krajinách Európskej únie. Daň z príjmu zo závislej činnosti v Slovenskej republike. Varianty výpočtu nezdaniteľnej časti na manžela/ku v roku 2012 a 2013 v SR. Daňový bonus na nezaopatrené dieťa. Charakteristika dane z príjmu zo závislej činnosti v Českej republike. Komparácia daňovo-odvodového systému v SR a v ČR. 
610 2 0 |a dane z príjmov 
610 2 0 |a odvody 
610 2 0 |a sadzby daňové 
610 2 0 |a legislatíva 
610 2 0 |a Slovensko 
610 2 0 |a Česko 
100 1 |a Šúbertová, Elena